| 000 | 01490cam a2200241 a 4500 | ||
|---|---|---|---|
| 001 | 000013032 | ||
| 005 | 20200929163127.0 | ||
| 008 | 820910s1934 ht 001 0 fre | ||
| 040 |
_aDO-SdBNP _bspa _cLC _dBNPHU |
||
| 050 | 0 | 0 |
_aF1926 _b.B415 |
| 082 |
_ann* _bB439h |
||
| 100 | 1 |
_aBellegarde, Dantés, _d1877- _930090 |
|
| 245 | 1 | 3 |
_aUn Haitien parle / _cDantés Bellegarde. |
| 260 |
_aPort-au-Prince : _bCheraquit, _c1934. |
||
| 300 |
_a279, [1] p. ; _c23 cm. |
||
| 505 | 0 | _aAvant-propos -- Etudes et action sociales -- Haiti et France: relations morales et économiques -- Haiti et son peuple -- Un programme d'education nationale -- La réforme de l'enseignement secondaire -- Recrutement et rétribution des instituteurs -- La commune et l'ecole -- Organisation rurale et agricole -- Le probléme de la misere en Haiti -- Les habitations à bon marché -- Une politique de la production -- Une politique de l'exportation -- Le régime douanier d'Haiti -- Libération nationale et politique de paix intérieure -- Organisation de la paix: Amérique latine et Etats-Unis. -- Etats-Unis et Amérique latine a la S. D. N. -- L'Amérique et la crise mondiale -- Andrew Carnegie et la paix des peuples -- De Hoover a Roosevelt. -- Les noirs américains et nous. | |
| 651 | 0 |
_aHaiti _xSocial Conditions. _930091 |
|
| 650 | 0 |
_aEducation _zHaiti. _930092 |
|
| 651 | 0 |
_aHaiti _xEconomic Conditions. _930093 |
|
| 650 | 0 |
_aPeace. _929405 |
|
| 910 | _aCatalogación por copia / LC | ||
| 049 | _aBNGR | ||
| 999 |
_c12676 _d12676 |
||